Financial planning for families having children with special needs/ (Record no. 162986)

MARC details
000 -LEADER
fixed length control field 00773nam a22002177a 4500
005 - DATE AND TIME OF LATEST TRANSACTION
control field 20190325143644.0
008 - FIXED-LENGTH DATA ELEMENTS--GENERAL INFORMATION
fixed length control field 190325b ||||| |||| 00| 0 eng d
010 ## - LCCN (DPL NO)
LC control number ENG-124928
020 ## - INTERNATIONAL STANDARD BOOK NUMBER
Terms of availability 499.00
International Standard Book Number 9789384061999
035 ## - SYSTEM CONTROL NUMBER
System control number EN-108460
037 ## - SOURCE OF ACQUISITION
Source of stock number/acquisition DBAD/PUB
040 ## - CATALOGING SOURCE
Original cataloging agency DPL
Language of cataloging English
100 ## - MAIN ENTRY--PERSONAL NAME
Personal name Solanki, Jitendra P.S.
245 ## - TITLE STATEMENT
Title Financial planning for families having children with special needs/
Remainder of title by Jitendra P.S.Solanki; ed.by Aasha Gulrjani Swarup
260 ## - PUBLICATION, DISTRIBUTION, ETC. (IMPRINT)
Place of publication, distribution, etc New Delhi
Name of publisher, distributor, etc Network18 Publications
Date of publication, distribution, etc 2017
270 ## - ADDRESS
Address 507, Prabhat Kiran, 17, Rajendra Place,
City New Delhi
Postal code 110 008
300 ## - PHYSICAL DESCRIPTION
Extent 236p. :
Dimensions 24cm (Hb)
Other physical details ill.
500 ## - GENERAL NOTE
General note A comprehensive guide to plan for two generation
700 ## - ADDED ENTRY--PERSONAL NAME
Personal name Aasha Gulrjani Swarup
942 ## - ADDED ENTRY ELEMENTS (KOHA)
Institution code [OBSOLETE] dpl
Item type English Books
Source of classification or shelving scheme Dewey Decimal Classification
Call number suffix SOL
Holdings
Withdrawn status Lost status Source of classification or shelving scheme Damaged status Not for loan Collection code Home library Current library Date acquired Source of acquisition Cost, normal purchase price Total Checkouts Full call number Barcode Date last seen Copy number Cost, replacement price Koha item type
    Dewey Decimal Classification   Not For Loan Non-fiction D.B.Act.Division Patel Nagar 25/03/2019 DBAD/PUB 499.00   SOL EN-108460 25/03/2019 1 499.00 English Books

© Delhi Public Library
Hit Counter
free hit counter